|
|
|
|
| LEADER |
00000nab a2200000 a 4500 |
| 001 |
vtls000799786 |
| 003 |
SK-MaSNL |
| 005 |
20260302155639.0 |
| 008 |
180206c2002 xo 0 slo |
| 015 |
|
|
|a SNBRB2002/08-25922
|
| 035 |
|
|
|a CLN000151441
|
| 040 |
|
|
|a SNKBUCL
|b slo
|c SNKBUCL
|e AACR2
|
| 041 |
0 |
|
|a slo
|
| 044 |
|
|
|a xo
|c SK
|
| 080 |
|
|
|a 339.17:658.8
|2 UDC-MRF-SK2
|
| 080 |
|
|
|a 658.8
|2 UDC-MRF-SK2
|
| 080 |
|
|
|a 339.138
|2 UDC-MRF-SK2
|
| 100 |
1 |
|
|a Baluška, Marek
|4 aut
|9 750163
|
| 245 |
1 |
0 |
|a Idete vystavovať?
|c Marek Baluška
|
| 650 |
0 |
7 |
|a výstavy
|x veľtrhy
|x marketing
|2 snkbucl
|9 854424
|
| 650 |
0 |
7 |
|a veľtrhy
|2 snkbucl
|9 14535
|
| 650 |
0 |
7 |
|a marketing
|2 snkbucl
|9 2299
|
| 655 |
|
7 |
|a články z novín a časopisov
|2 snkbucl
|9 267496
|
| 773 |
0 |
|
|x 1335-2016
|t Stratégie
|g Roč. 9, máj (2002), s. 15
|
| 850 |
|
|
|a Slovenská národná knižnica v Martine
|
| 852 |
|
|
|a SNK
|b KIS3GCP
|
| 958 |
|
|
|a RBX
|
| 999 |
|
|
|c 1372158
|d 1374088
|